000
00289nam a2200121Ia 4500
008
190216s9999||||xx |||||||||||||| ||und||
100
_a
Firaq Gorapuri
245
0
_a
Hindi-Hazar She`R Firaq Ke
260
_b
Nathya India Publishers
_c
2007
300
_a
126
650
_a
Hindi
942
_c
BK
999
_c
16629
_d
16629